| 000 | 00342nam a22001337a 4500 | ||
|---|---|---|---|
| 003 | SGT | ||
| 082 |
_a615.53 _bV18G |
||
| 100 | _aGHANEKARA, BHASKARA GOVINDA | ||
| 245 | _aVAIDYAKIYASUBHASITASAHITYAM OR SAHITYIKA SUBHASITAVAIDYAKAM | ||
| 260 |
_aVARANASI _bCHAUKHAMBHA PUB _c2018 |
||
| 300 | _a628 | ||
| 650 | _aAYURVEDA | ||
| 942 |
_2ddc _cBK _0179 |
||
| 999 |
_c14463 _d14463 |
||